Costa Rica - Los países bajos 150 años de relaciones diplomáticas (Record no. 453)

MARC details
000 -LEADER
campo de control de longitud fija 00835nam a22001457a 4500
008 - DATOS DE LONGITUD FIJA--INFORMACIÓN GENERAL
campo de control de longitud fija 150311b xxu||||| |||| 00| 0 eng d
082 ## - NÚMERO DE LA CLASIFICACIÓN DECIMAL DEWEY
Número de clasificación 327.728.604.92
Número de ítem C 837c
100 ## - ENTRADA PRINCIPAL--NOMBRE DE PERSONA
Nombre de persona Zwan, Bert van der
9 (RLIN) 2175
245 ## - MENCIÓN DEL TÍTULO
Título Costa Rica - Los países bajos 150 años de relaciones diplomáticas
Resto del título Costa Rica - Nederland 150 jaar diplomatieke betrekkingen
260 ## - PUBLICACIÓN, DISTRIBUCIÓN, ETC.
Lugar de publicación, distribución, etc. San José, Costa Rica
Nombre del editor, distribuidor, etc. Embajada de los Países Bajos. Instituto del Servicio Exterior Manuel María Peralta
Fecha de publicación, distribución, etc. 2002
300 ## - DESCRIPCIÓN FÍSICA
Extensión 76 p.
Otras características físicas 21 láminas; ilustraciones, retrs color
Dimensiones 29 cm
500 ## - NOTA GENERAL
Nota general Páginas opuestas con numeración repetida--(Contiene 20 páginas y 1 hoja de láminas)--Texto en español y holandés
650 ## - PUNTO DE ACCESO ADICIONAL DE MATERIA--TÉRMINO DE MATERIA
Subdivisión general Costa Rica
-- Relaciones exteriores
-- Países bajos
-- Diplomacia
-- Historia
-- Holanda
-- Relaciones Internacionales
9 (RLIN) 2176
700 ## - ENTRADA AGREGADA--NOMBRE PERSONAL
Nombre de persona Bert van der Zwan
9 (RLIN) 2177
Holdings
Estatus retirado Estado de pérdida Fuente del sistema de clasificación o colocación Estado de daño No para préstamo Biblioteca de origen Biblioteca actual Ubicación en estantería Fecha de adquisición Total de préstamos Signatura topográfica completa Código de barras Visto por última vez Precio de reemplazo Tipo de ítem Koha
    Clasificación Decimal Dewey     Biblioteca LadoV Biblioteca LadoV   11/03/2015   327.728.604.92 C 837c 000515 11/03/2015 11/03/2015 Material 01